[Event "18th American Continental"]
[Site "Foz do Iguacu BRA"]
[Date "2025.05.29"]
[Round "9.78"]
[White "Cezar, Ricardo De Almeida"]
[Black "Mayeregger Gonzalez, Fiorella Allegra"]
[Result "0-1"]
[BlackTitle "WCM"]
[WhiteElo "1962"]
[BlackElo "1867"]
[WhiteFideId "2172968"]
[BlackFideId "3708845"]
[EventDate "2025.05.23"]

1. d4 d5 2. Bf4 c5 3. e3 cxd4 4. exd4 Nc6 5. c3 f6 6. Bd3 e5 7. dxe5 fxe5 8.
Qh5+ g6 9. Qe2 Qe7 10. Bg3 Bg7 11. Nd2 Nh6 12. O-O-O Be6 13. Bb5 O-O 14. Bxc6
bxc6 15. Bxe5 Bg4 16. f3 Qxe5 17. fxg4 Qxe2 18. Nxe2 Nxg4 19. Rdf1 Bh6 20. b3
Ne3 21. Rf3 Nxg2 22. Rhf1 Rxf3 23. Rxf3 Re8 24. Nd4 Re1+ 25. Kc2 c5 26. Nb5 Re2 0-1

[Event "18th American Continental"]
[Site "Foz do Iguacu BRA"]
[Date "2025.05.29"]
[Round "9.96"]
[White "Paredes Almada, Andres Joaquin"]
[Black "Brand, Lethicia Soethe"]
[Result "1/2-1/2"]
[WhiteElo "1670"]
[BlackElo "1799"]
[WhiteFideId "3713733"]
[BlackFideId "22725458"]
[EventDate "2025.05.23"]

1. e4 e5 2. Nf3 Nc6 3. Bc4 Bc5 4. O-O Nf6 5. d4 exd4 6. e5 d5 7. exf6 dxc4 8.
fxg7 Rg8 9. Bg5 Qd5 10. Nc3 Qf5 11. Ne4 Be7 12. Re1 Be6 13. Bxe7 Kxe7 14. Nxd4
Qd5 15. Nxc6+ Qxc6 16. Qd4 h5 17. Nf6 Rxg7 18. Ne4 Rag8 19. g3 Rg6 20. Rad1 a6
21. f4 Qb6 22. Qxb6 cxb6 23. f5 Bxf5 24. Nd6+ Be6 25. Nxc4 b5 26. Nb6 Rd8 27.
Nd5+ Ke8 28. Nc7+ Ke7 29. Nd5+ Ke8 30. Nf4 Rxd1 31. Rxd1 Rh6 32. Rd6 Kf8 33. Rb6
Kg7 34. Nxe6+ Rxe6 35. Rxe6 fxe6 36. Kf2 Kf6 37. Ke3 Ke5 38. h3 b4 39. a3 bxa3
40. bxa3 b5 41. c3 a5 42. g4 hxg4 43. hxg4 a4 44. Kf3 Kf6 45. Ke4 Kg5 46. Kf3 e5
47. Ke4 Kxg4 48. Kxe5 Kf3 49. Kd4 Ke2 50. c4 bxc4 51. Kxc4 Ke3 52. Kc5 Kd3 53.
Kb5 Kc3 54. Kxa4 Kc4 55. Ka5 Kc5 56. Ka6 Kc6 57. a4 Kc7 58. Ka7 Kc8 59. a5 Kc7
60. Ka6 Kb8 61. Kb5 Ka7 62. Kc5 Ka6 63. Kb4 Ka7 64. Kb5 Kb7 65. a6+ Ka7 66. Ka5
Ka8 67. Kb6 Kb8 68. Kc6 Ka7 69. Kb5 Ka8 70. Kc4 1/2-1/2

[Event "18th American Continental"]
[Site "Foz do Iguacu BRA"]
[Date "2025.05.29"]
[Round "9.97"]
[White "Navarro Canete, Facundo Javier"]
[Black "Orlandi Neto, Aristides"]
[Result "1-0"]
[WhiteElo "1811"]
[BlackElo "1704"]
[WhiteFideId "3712532"]
[BlackFideId "2133970"]
[EventDate "2025.05.23"]

1. e4 e6 2. d4 d5 3. Nd2 Nc6 4. Ngf3 Nf6 5. e5 Nd7 6. Nb3 f6 7. Bf4 fxe5 8. dxe5
Be7 9. h4 Nf8 10. h5 b6 11. Bb5 Bd7 12. Qe2 Nb8 13. Bd3 c5 14. c4 d4 15. Nbd2
Nc6 16. a3 Qc7 17. Ne4 O-O-O 18. Nd6+ Bxd6 19. exd6 Qb7 20. Be4 Qa6 21. Ne5 Qa5+
22. Bd2 Nb4 23. O-O Ba4 24. axb4 cxb4 25. b3 Nd7 26. Nxd7 Kxd7 27. Rxa4 Qe5 28.
Rxa7+ Kxd6 29. Bxb4+ 1-0

[Event "18th American Continental"]
[Site "Foz do Iguacu BRA"]
[Date "2025.05.29"]
[Round "9.98"]
[White "Vieira, Luana Saddi"]
[Black "Souza Neto, Hilton Vilarim De"]
[Result "0-1"]
[WhiteElo "1716"]
[BlackElo "1881"]
[WhiteFideId "22738762"]
[BlackFideId "2124033"]
[EventDate "2025.05.23"]

1. e4 c6 2. d4 d5 3. e5 Bf5 4. Nf3 e6 5. Be2 h6 6. a3 Nd7 7. O-O Ne7 8. b4 g5 9.
c4 Bg7 10. Nc3 O-O 11. Bb2 Rc8 12. Rc1 Bh7 13. cxd5 Nxd5 14. Qa4 a6 15. Nxd5
exd5 16. Nd2 Re8 17. Bg4 Rb8 18. Qb3 Nf8 19. f4 gxf4 20. Rxf4 Ng6 21. Rf2 Qe7
22. Rcf1 Rf8 23. Qg3 Nh8 24. Nb3 b6 25. Bc1 Rb7 26. Be2 Bg6 27. Bxa6 Ra7 28. Be2
Kh7 29. Qh3 Raa8 30. Qc3 Qd7 31. h4 Be4 32. Qg3 Rg8 33. Bd3 Qe6 34. Nd2 Bxd3 35.
Qxd3+ Qg6 36. Qe2 Rge8 37. h5 Qc2 38. Qg4 Rg8 39. Nf3 Qe4 40. Qxe4+ dxe4 41. Nh4
c5 42. dxc5 bxc5 43. Nf5 Bxe5 44. Re2 Rg4 45. Nxh6 Bd4+ 46. Kh2 Rh4+ 47. Kg3
Rxh5 48. Rxe4 Rxh6 49. Bxh6 Kxh6 50. Rh4+ Kg7 51. Rf3 Ng6 52. Rh5 Be5+ 53. Kf2
c4 54. Rh1 Bb2 55. b5 c3 56. Ke2 Rxa3 57. Kd3 Ne5+ 0-1

[Event "18th American Continental"]
[Site "Foz do Iguacu BRA"]
[Date "2025.05.29"]
[Round "9.99"]
[White "Da Silva, Joao Carlos Orguim"]
[Black "Janke, Ligia"]
[Result "1-0"]
[WhiteElo "1809"]
[BlackElo "1649"]
[WhiteFideId "2121654"]
[BlackFideId "538021609"]
[EventDate "2025.05.23"]

1. b3 e5 2. Bb2 Nc6 3. e3 d6 4. d4 Bf5 5. Nf3 exd4 6. Nxd4 Bg6 7. Bb5 Ne7 8. Qf3
d5 9. Nd2 a6 10. Bxc6+ Nxc6 11. Nxc6 bxc6 12. c4 f6 13. O-O Bb4 14. Nb1 O-O 15.
cxd5 cxd5 16. Nc3 c6 17. Rac1 Rc8 18. Rfd1 Qe8 19. Rd4 Bd6 20. Rh4 Rb8 21. Nxd5
cxd5 22. Qxd5+ Kh8 23. Qxd6 Rd8 24. Qb4 Qb5 25. Qxb5 axb5 26. Rd4 Rxd4 27. Bxd4
Kg8 28. Kf1 Ra8 29. Ra1 Bc2 30. Ke1 Kf7 31. Kd2 Be4 32. f3 Bf5 33. a4 bxa4 34.
bxa4 Ke8 35. a5 Kd7 36. Bb6 h5 37. Ra4 Be6 38. Rd4+ Kc6 39. e4 g6 40. Ke3 Kb5
41. Rd6 Re8 42. h3 f5 43. e5 Re7 44. Kf4 Bf7 45. a6 1-0

[Event "18th American Continental"]
[Site "Foz do Iguacu BRA"]
[Date "2025.05.29"]
[Round "9.100"]
[White "Pereira Fo, Hildebrando Apolonio"]
[Black "Zottis, Pietro"]
[Result "1/2-1/2"]
[WhiteElo "1620"]
[BlackElo "1757"]
[WhiteFideId "2139510"]
[BlackFideId "22746838"]
[EventDate "2025.05.23"]

1. c4 e6 2. Nc3 d5 3. cxd5 exd5 4. d4 Nf6 5. Nf3 c6 6. Bf4 Bd6 7. Ne5 O-O 8. e3
Re8 9. Be2 Bf5 10. O-O Qe7 11. Bg3 Nbd7 12. f4 Ne4 13. Qe1 f6 14. Nxe4 Bxe4 15.
Nxd7 Qxd7 16. Qf2 Re7 17. f5 Bxg3 18. hxg3 Rae8 19. Bg4 g6 20. Bh3 Bxf5 21. Bxf5
Qxf5 22. Rae1 Qxf2+ 23. Kxf2 Re4 24. Rh1 f5 25. Rh4 R8e7 26. Kf3 Kg7 27. Rf4 h5
28. b4 R4e6 29. Rh4 a6 30. Kf2 Kf6 31. Re2 Re8 32. Rh1 R8e7 33. Rh4 1/2-1/2

[Event "18th American Continental"]
[Site "Foz do Iguacu BRA"]
[Date "2025.05.29"]
[Round "9.101"]
[White "Vieira, Erico Vinicius Duarte"]
[Black "Dos Santos, Gabriel Conte"]
[Result "1-0"]
[WhiteElo "1753"]
[BlackElo "1543"]
[WhiteFideId "2181843"]
[BlackFideId "22776389"]
[EventDate "2025.05.23"]

1. d4 d5 2. c4 e6 3. Nc3 Nf6 4. cxd5 exd5 5. Bg5 c6 6. e3 Be7 7. Bd3 Nbd7 8.
Nge2 O-O 9. Qc2 Re8 10. O-O Nf8 11. Rad1 g6 12. f3 Ne6 13. Bh4 Ng7 14. e4 dxe4
15. fxe4 Ng4 16. Bxe7 Qxe7 17. Rf3 Qh4 18. h3 Nh6 19. Rdf1 Ne6 20. e5 Nxd4 21.
Rf4 Nxe2+ 22. Qxe2 Qg5 23. Ne4 Qxe5 24. Nf6+ Kf8 25. Nxe8 Qxe8 26. Qxe8+ Kxe8
27. Rh4 Nf5 28. Rxh7 Ke7 29. g4 Nd6 30. Bxg6 Be6 31. b3 Rg8 32. Bd3 Rg5 33. Kh2
a5 34. Rf2 Nb5 35. Bxb5 Rxb5 36. Rh5 Rb4 37. Kg3 Rd4 38. Rg5 Rd3+ 39. Rf3 Rd2
40. a3 Bd5 41. Re3+ 1-0

[Event "18th American Continental"]
[Site "Foz do Iguacu BRA"]
[Date "2025.05.29"]
[Round "9.102"]
[White "Ramirez Bentos, Ana Paula"]
[Black "Vaz, Osvaldo Jose"]
[Result "0-1"]
[WhiteElo "1500"]
[BlackElo "1749"]
[WhiteFideId "3720152"]
[BlackFideId "2165023"]
[EventDate "2025.05.23"]

1. d4 Nf6 2. c4 g6 3. g3 Bg7 4. Bg2 O-O 5. Nf3 d6 6. O-O Nbd7 7. Nc3 a6 8. a4
Rb8 9. Bf4 Nh5 10. Bd2 Re8 11. Qc1 e5 12. dxe5 Nxe5 13. Nxe5 Bxe5 14. Rd1 Bd7
15. Nd5 f6 16. Be3 c6 17. Nb6 Qc7 18. Nxd7 Qxd7 19. f4 Bxb2 20. Qxb2 Rxe3 21.
Qd2 Re6 22. Ra3 Ng7 23. e4 Qc7 24. Rd3 Ne8 25. Qa2 Qb6+ 26. Kf1 Qc5 27. g4 Kg7
28. f5 Re7 29. fxg6 hxg6 30. Rg3 b5 31. cxb5 axb5 32. axb5 Rxb5 33. h4 Reb7 34.
g5 Rb2 35. Qe6 Qf2# 0-1

[Event "18th American Continental"]
[Site "Foz do Iguacu BRA"]
[Date "2025.05.29"]
[Round "9.105"]
[White "Guimaraes, Felipe Pavanato"]
[Black "Solaeche G., Axel Jose"]
[Result "0-1"]
[WhiteElo "1523"]
[BlackElo "1566"]
[WhiteFideId "538009064"]
[BlackFideId "3709426"]
[EventDate "2025.05.23"]

1. e4 c5 2. Nf3 e6 3. Nc3 Nc6 4. Bb5 Nge7 5. O-O a6 6. Bxc6 Nxc6 7. d3 d6 8. Be3
Be7 9. Qd2 O-O 10. d4 cxd4 11. Nxd4 Bf6 12. Nxc6 bxc6 13. Rad1 d5 14. Bg5 Be7
15. Bxe7 Qxe7 16. exd5 cxd5 17. Rfe1 Qc5 18. Re3 g6 19. Rh3 f6 20. Qh6 Qe7 21.
Rdd3 Qg7 22. Qe3 e5 23. Rg3 d4 24. Qe4 Bf5 25. Qd5+ Qf7 26. Qxf7+ Kxf7 27. Rd2
dxc3 28. bxc3 Rad8 29. Rxd8 Rxd8 30. h3 Bxc2 31. a3 Rd3 32. Rxd3 Bxd3 33. f3 Ke6
34. Kf2 Kd5 35. Ke3 Kc4 0-1

[Event "18th American Continental"]
[Site "Foz do Iguacu BRA"]
[Date "2025.05.30"]
[Round "10.1"]
[White "Shankland, Sam"]
[Black "Oparin, Grigoriy"]
[Result "1-0"]
[WhiteTitle "GM"]
[BlackTitle "GM"]
[WhiteElo "2666"]
[BlackElo "2660"]
[WhiteFideId "2004887"]
[BlackFideId "24125890"]
[EventDate "2025.05.23"]

1. d4 Nf6 2. c4 e6 3. Nc3 d5 4. cxd5 exd5 5. Bg5 Be7 6. e3 h6 7. Bh4 Bg4 8. Qc2
O-O 9. h3 Be6 10. Nf3 Nc6 11. a3 Ne8 12. Bg3 Bd6 13. Bd3 Bxg3 14. fxg3 Qd6 15.
g4 Qg3+ 16. Kd2 Qxg2+ 17. Be2 Qg3 18. Raf1 Qd6 19. g5 h5 20. Nh4 Ne7 21. g6 f5
22. Ng2 Nf6 23. Nf4 Bd7 24. Bd3 c5 25. dxc5 Qxc5 26. Qb3 Kh8 27. Qb4 b6 28. Rhg1
a5 29. Qd4 Rad8 30. Rg5 Bc8 31. Kc1 Kg8 32. Rd1 Qxd4 33. exd4 Rd6 34. Rdg1 h4
35. Bc2 Ne4 36. Rh5 Rff6 37. Bb3 Nxc3 38. bxc3 Bb7 39. Rhg5 b5 40. Kd2 Bc6 41.
Bd1 Kf8 42. Bh5 Nc8 43. Re1 Rd7 44. Bf3 Nd6 45. Re5 Re7 46. Kd3 Nc4 47. Rxe7
Kxe7 48. Bxd5 Nxa3 49. Bxc6 Rxc6 50. Rxf5 Nb1 51. Rxb5 Rxc3+ 52. Ke4 Nd2+ 53.
Kf5 Rc4 54. Rb7+ Kd6 55. Rxg7 Nb3 56. Ra7 Nxd4+ 57. Kg5 Rc5+ 58. Kg4 Rc1 59.
Rxa5 Rg1+ 60. Kh5 Ke7 61. Ra7+ Kd6 62. Rf7 Nc6 63. g7 Ne7 64. Kh6 1-0

[Event "18th American Continental"]
[Site "Foz do Iguacu BRA"]
[Date "2025.05.30"]
[Round "10.2"]
[White "Quesada Perez, Luis Ernesto"]
[Black "Fier, Alexandr"]
[Result "0-1"]
[WhiteTitle "GM"]
[BlackTitle "GM"]
[WhiteElo "2546"]
[BlackElo "2556"]
[WhiteFideId "3520773"]
[BlackFideId "2107139"]
[EventDate "2025.05.23"]

1. d4 Nf6 2. c4 e6 3. Nf3 d5 4. Nc3 dxc4 5. e4 b5 6. e5 Nd5 7. Nxb5 Nb6 8. Be2
Nc6 9. O-O Be7 10. Qd2 Bb7 11. Rd1 O-O 12. Qf4 Nb4 13. Qg4 Kh8 14. Nc3 Qe8 15.
Ne4 f5 16. exf6 gxf6 17. Nc5 Rg8 18. Qxe6 Bc8 19. Qe4 Rg4 20. Bf4 N4d5 21. Ng5
Rh4 22. g3 Nxf4 23. gxf4 fxg5 24. Qe5+ Kg8 25. Bf3 Bh3 26. Re1 Rxf4 27. Bd5+
Nxd5 28. Qxd5+ Kf8 29. Ne6+ Bxe6 30. Rxe6 Qd8 31. Qxc4 Qxd4 32. Qc2 Rg4+ 0-1

[Event "18th American Continental"]
[Site "Foz do Iguacu BRA"]
[Date "2025.05.30"]
[Round "10.3"]
[White "Martinez Alcantara, Jose Eduardo"]
[Black "Bachmann, Axel"]
[Result "1-0"]
[WhiteTitle "GM"]
[BlackTitle "GM"]
[WhiteElo "2611"]
[BlackElo "2570"]
[WhiteFideId "3805662"]
[BlackFideId "3700488"]
[EventDate "2025.05.23"]

1. e4 e5 2. Nf3 Nc6 3. Bb5 a6 4. Ba4 Nf6 5. O-O Be7 6. Re1 b5 7. Bb3 O-O 8. d3
d6 9. c3 Na5 10. Bc2 c5 11. Nbd2 Re8 12. a4 Bd7 13. axb5 axb5 14. Nf1 Nc6 15.
Rxa8 Qxa8 16. Ng3 b4 17. Bb3 Na5 18. Ba4 bxc3 19. bxc3 h6 20. Bd2 c4 21. d4 Nc6
22. Bb5 Nxd4 23. Bxd7 Nxf3+ 24. Qxf3 Nxd7 25. Nf5 Bg5 26. Bxg5 hxg5 27. Nxd6 Rf8
28. Qg4 Nc5 29. Nf5 Qd8 30. Rd1 Nd3 31. Ne3 Qf6 32. Qg3 Qf4 33. Nxc4 Qxg3 34.
hxg3 Rc8 35. Rxd3 Rxc4 36. f3 g4 37. Kf2 gxf3 38. gxf3 Kf8 39. Ke3 Ke7 40. Kd2
Ra4 41. Kc2 Ke6 42. Kb3 Ra8 43. c4 Rc8 44. Rd5 Rb8+ 45. Kc3 f5 46. f4 exf4 47.
exf5+ Kf6 48. gxf4 1-0

[Event "18th American Continental"]
[Site "Foz do Iguacu BRA"]
[Date "2025.05.30"]
[Round "10.4"]
[White "Henriquez Villagra, Cristobal"]
[Black "Cardoso Cardoso, Jose Gabriel"]
[Result "1/2-1/2"]
[WhiteTitle "GM"]
[BlackTitle "GM"]
[WhiteElo "2597"]
[BlackElo "2516"]
[WhiteFideId "3409350"]
[BlackFideId "4430492"]
[EventDate "2025.05.23"]

1. Nf3 d5 2. g3 g6 3. Bg2 Bg7 4. O-O e5 5. d3 Ne7 6. c4 c6 7. e4 O-O 8. b3 dxe4
9. dxe4 c5 10. Nc3 Nbc6 11. Nd5 Bg4 12. Qd3 Qd7 13. Bb2 Rad8 14. Qe3 b6 15. Rfe1
Bxf3 16. Qxf3 Nd4 17. Qd3 Rc8 18. Bxd4 cxd4 19. Bh3 f5 20. Nxe7+ Qxe7 21. exf5
Qd7 22. g4 Rc6 23. Bg2 Rd6 24. Be4 Bh6 25. h3 Kg7 26. b4 Bf4 27. Rab1 Rdf6 28.
Rb3 Rc8 29. c5 gxf5 30. Bxf5 Rxf5 31. gxf5 Kf6 32. Ra3 Qd5 33. Re4 a5 34. cxb6
Rc1+ 35. Kg2 Qg8+ 36. Kf3 Qg5 37. b7 Qh5+ 38. Kg2 Qg5+ 39. Qg3 Bxg3 40. Rxg3
Rg1+ 41. Kxg1 Qc1+ 42. Kh2 Qc7 43. bxa5 Qxb7 44. Re2 Qb5 45. Rd2 Qxa5 46. Rgd3
Kxf5 47. Kg1 Kf4 48. a3 h5 49. Kg2 e4 50. Rxd4 Qg5+ 51. Kf1 Kf3 52. Re2 Qb5 53.
Rxe4 Qb1+ 54. Re1 Qb5+ 55. R1e2 Qb1+ 56. Re1 Qb5+ 57. R1e2 1/2-1/2

[Event "18th American Continental"]
[Site "Foz do Iguacu BRA"]
[Date "2025.05.30"]
[Round "10.5"]
[White "Supi, Luis Paulo"]
[Black "Jacobson, Brandon"]
[Result "1-0"]
[WhiteTitle "GM"]
[BlackTitle "GM"]
[WhiteElo "2566"]
[BlackElo "2582"]
[WhiteFideId "2106388"]
[BlackFideId "30901561"]
[EventDate "2025.05.23"]

1. e4 c5 2. Nf3 Nc6 3. Bb5 d6 4. O-O Bd7 5. a4 Nf6 6. d3 e6 7. Re1 Be7 8. c3 a6
9. Bc4 O-O 10. Bb3 Qc7 11. d4 cxd4 12. cxd4 Na5 13. Bc2 b5 14. e5 dxe5 15. dxe5
Nd5 16. Nc3 Nb4 17. Bxh7+ Kxh7 18. Ng5+ Bxg5 19. Bxg5 Rh8 20. axb5 Nc4 21. Re4
a5 22. Bf6 Kg8 23. Qg4 Rh7 24. Rxc4 Qb7 25. Qg3 1-0

[Event "18th American Continental"]
[Site "Foz do Iguacu BRA"]
[Date "2025.05.30"]
[Round "10.6"]
[White "Mareco, Sandro"]
[Black "Avila Pavas, Santiago"]
[Result "1/2-1/2"]
[WhiteTitle "GM"]
[BlackTitle "GM"]
[WhiteElo "2585"]
[BlackElo "2469"]
[WhiteFideId "112275"]
[BlackFideId "4437128"]
[EventDate "2025.05.23"]

1. Nf3 d5 2. g3 Bg4 3. Bg2 c6 4. O-O Nd7 5. d3 e5 6. e4 dxe4 7. dxe4 Ngf6 8. h3
Bh5 9. Qe2 Bc5 10. a4 a5 11. Rd1 Qc7 12. Nbd2 O-O 13. Nb3 Be7 14. Bd2 Nc5 15.
Nxc5 Bxc5 16. Qe1 Bg6 17. Nh4 Nh5 18. Be3 Qb6 19. Ra3 Bxe3 20. Qxe3 Qxb2 21. Rb3
Qxc2 22. Rc1 Qa2 23. Rxb7 Qxa4 24. Qc3 Qd4 25. Nxg6 hxg6 26. Qxd4 exd4 27. e5
Rfe8 28. Rd7 Rad8 29. Rd6 Rxd6 30. exd6 Nf6 31. Bf1 Rd8 32. Rxc6 Ne4 33. Bd3
Nxd6 34. Kf1 a4 35. Ra6 Nb7 36. Rxa4 Nc5 37. Ra3 Kf8 38. Ke2 Ke7 39. Bc4 Rd7 40.
Ra5 Rc7 41. Rb5 g5 42. Bd3 Kd6 43. Rb8 Re7+ 44. Kd2 Rb7 45. Rd8+ Kc7 46. Rd5
Rb2+ 47. Bc2 Kc6 48. Rxd4 Nb3+ 49. Kc3 Rxc2+ 50. Kxb3 Rxf2 51. Rg4 f6 52. Kc4
Rf3 53. h4 g6 54. Re4 Kd6 55. hxg5 f5 56. Rd4+ Ke5 57. Rd5+ Ke4 58. Rd6 Rxg3 59.
Rxg6 f4 60. Rg8 Ke3 61. Re8+ Kf2 62. Re5 f3 63. Kd3 Kg1 64. Rf5 f2+ 65. Ke4 Kg2
66. Rxf2+ Kxf2 67. Kf5 Ke3 68. g6 Kd4 69. Kf6 Kd5 70. g7 Kd6 71. Kf7 Kd7 72.
g8=Q Rxg8 73. Kxg8 1/2-1/2

[Event "18th American Continental"]
[Site "Foz do Iguacu BRA"]
[Date "2025.05.30"]
[Round "10.7"]
[White "Melian, Juan Sebastian"]
[Black "Shabalov, Alexander"]
[Result "0-1"]
[WhiteTitle "FM"]
[BlackTitle "GM"]
[WhiteElo "2358"]
[BlackElo "2483"]
[WhiteFideId "3706575"]
[BlackFideId "2008572"]
[EventDate "2025.05.23"]

1. d4 Nf6 2. c4 e6 3. Nf3 d5 4. g3 Bb4+ 5. Bd2 Bd6 6. Bg2 O-O 7. O-O b6 8. cxd5
exd5 9. Nc3 c6 10. Bf4 Bxf4 11. gxf4 Ne8 12. Ne5 Nd6 13. e3 Be6 14. Rc1 f6 15.
Nd3 a5 16. b3 Ra7 17. Ne2 Rc7 18. Ng3 Na6 19. Qe2 Qc8 20. Rfd1 Re8 21. Kh1 Bf7
22. Rg1 c5 23. dxc5 bxc5 24. Rgd1 d4 25. Qf3 Nb5 26. Rd2 Nc3 27. f5 a4 28. exd4
cxd4 29. bxa4 Nxa2 30. Rxc7 Qxc7 31. h3 Nc3 32. Nf4 Qe5 33. Kh2 Nc5 34. Nd3 Nxd3
35. Qxd3 Rd8 36. Bc6 h5 37. Kg1 Rd6 38. Bb5 Kh7 39. Ne2 Ne4 40. Rb2 Nc5 41. Qd2
d3 42. Ng3 h4 43. Nf1 Ne4 0-1

[Event "18th American Continental"]
[Site "Foz do Iguacu BRA"]
[Date "2025.05.30"]
[Round "10.8"]
[White "Villanueva, Mario"]
[Black "Campos Gomez, Manuel"]
[Result "1-0"]
[WhiteTitle "IM"]
[BlackTitle "IM"]
[WhiteElo "2454"]
[BlackElo "2355"]
[WhiteFideId "113433"]
[BlackFideId "4444710"]
[EventDate "2025.05.23"]

1. e4 c5 2. Nf3 d6 3. d4 cxd4 4. Nxd4 Nf6 5. Nc3 Nc6 6. Bg5 e6 7. Qd3 a6 8. Nxc6
bxc6 9. O-O-O Be7 10. e5 dxe5 11. Qg3 Qc7 12. Bc4 O-O 13. Rhe1 Nh5 14. Qh4 Bxg5+
15. Qxg5 Nf4 16. Qxe5 Qxe5 17. Rxe5 Nd5 18. Na4 f6 19. Re4 Kf7 20. Bb3 Rb8 21.
Rc4 Bb7 22. Nc5 Bc8 23. Ra4 Ra8 24. Rh4 g5 25. Re4 Ra7 26. Ba4 Rc7 27. Bb3 h5
28. g3 Rg8 29. Ra4 Ra7 30. h4 Ke7 31. hxg5 fxg5 32. Rh1 Rf8 33. Ne4 Nf6 34. Nxg5
e5 35. Ra5 Nd7 36. Rxh5 Rxf2 37. Rh7+ Ke8 38. Ra4 Rb7 39. Ne4 Rf1+ 40. Kd2 Kd8
41. Nd6 Rb8 42. Nxc8 Rxc8 43. Rxa6 1-0

[Event "18th American Continental"]
[Site "Foz do Iguacu BRA"]
[Date "2025.05.30"]
[Round "10.9"]
[White "Coro, Lucas"]
[Black "Rojas Salas, Steven"]
[Result "1/2-1/2"]
[WhiteTitle "IM"]
[BlackTitle "IM"]
[WhiteElo "2434"]
[BlackElo "2343"]
[WhiteFideId "147222"]
[BlackFideId "3819434"]
[EventDate "2025.05.23"]

1. Nf3 d5 2. g3 c5 3. Bg2 Nf6 4. O-O g6 5. c4 Bg7 6. d4 cxd4 7. cxd5 Nxd5 8.
Nxd4 O-O 9. Nb5 a6 10. N1c3 e6 11. Nxd5 axb5 12. Nc3 b4 13. Ne4 Nc6 14. Bg5 Qd4
15. Qxd4 Bxd4 16. Bf6 Bxf6 17. Nxf6+ Kg7 18. Ne4 Rd8 19. e3 f5 20. Nc5 Rd2 21.
a3 Rxb2 22. Bxc6 bxc6 23. axb4 Rxa1 24. Rxa1 Rxb4 25. Ra7+ Kf6 26. Rc7 Rb5 27.
Rxc6 Bb7 28. Nxb7 Rxb7 29. h4 Ra7 1/2-1/2

[Event "18th American Continental"]
[Site "Foz do Iguacu BRA"]
[Date "2025.05.30"]
[Round "10.10"]
[White "Liascovich, Lucas"]
[Black "Caceres Benitez, Arturo Eduardo"]
[Result "1-0"]
[WhiteTitle "IM"]
[BlackTitle "FM"]
[WhiteElo "2417"]
[BlackElo "2313"]
[WhiteFideId "108634"]
[BlackFideId "3710769"]
[EventDate "2025.05.23"]

1. e4 c5 2. Nc3 e6 3. f4 d5 4. Nf3 Nf6 5. d3 Nc6 6. Be2 b5 7. e5 Nd7 8. O-O b4
9. Nb1 Be7 10. a3 O-O 11. axb4 cxb4 12. Be3 a5 13. d4 Ba6 14. Bxa6 Rxa6 15. Qd3
Qc8 16. f5 exf5 17. Qxf5 Nb6 18. Qh5 Qe6 19. Nbd2 a4 20. Ne1 Nc4 21. Qe2 f6 22.
Nd3 fxe5 23. Rxf8+ Bxf8 24. dxe5 Nxd2 25. Bxd2 Nd4 26. Qd1 b3 27. cxb3 Nxb3 28.
Rb1 Qf5 29. Bb4 Qe4 30. Bxf8 Rg6 31. Nf4 Rg5 32. Be7 Rxe5 33. Bd6 Qxf4 34. Bxe5
Qe3+ 35. Kh1 Qxe5 36. Qe1 Qxe1+ 37. Rxe1 Kf7 38. Kg1 Nd2 39. Rd1 Nc4 40. Rxd5
Nxb2 41. Rb5 Nd3 42. Kf1 Ke6 43. Ke2 Nf4+ 44. Kf3 Nd5 45. Ra5 Nc3 46. Ke3 Kd6
47. Kd3 Nd5 48. Rxa4 g5 49. g3 Nf6 50. Ra6+ Ke7 51. Kd4 Kf7 52. Ke5 Ng4+ 53. Kf5
Nxh2 54. Rh6 Nf1 55. Rxh7+ Kg8 56. Rh3 Kg7 57. g4 Nd2 58. Rd3 Nc4 59. Kxg5 Ne5
60. Ra3 Nf7+ 61. Kh5 Nd8 62. Ra7+ Kf6 63. g5+ Kf5 64. g6 Nc6 65. Rf7+ Ke6 66.
Rf1 1-0

[Event "18th American Continental"]
[Site "Foz do Iguacu BRA"]
[Date "2025.05.30"]
[Round "10.11"]
[White "Hong, Andrew"]
[Black "Lopez Silva, Hugo"]
[Result "1/2-1/2"]
[WhiteTitle "GM"]
[BlackTitle "IM"]
[WhiteElo "2579"]
[BlackElo "2380"]
[WhiteFideId "2099438"]
[BlackFideId "3403874"]
[EventDate "2025.05.23"]

1. d4 Nf6 2. c4 c5 3. d5 e6 4. Nc3 exd5 5. cxd5 d6 6. e4 g6 7. f4 Bg7 8. Bb5+
Nfd7 9. a4 O-O 10. Nf3 Na6 11. O-O Nb4 12. Be3 a6 13. Be2 Re8 14. Bf2 Rb8 15.
Kh1 Qe7 16. Qd2 Qf8 17. h3 Nf6 18. e5 dxe5 19. d6 e4 20. Ne5 Nd3 21. Nxd3 Qxd6
22. Bxc5 Qd8 23. Rad1 exd3 24. Qxd3 Qxd3 25. Bxd3 Bd7 26. f5 Rbc8 27. Bd6 Bxf5
28. Bxf5 gxf5 29. Rxf5 Rcd8 30. Rff1 Ne4 31. Nxe4 Rxe4 32. Ba3 Rxd1 33. Rxd1 Be5
34. a5 Bg3 35. Kg1 Re1+ 36. Rxe1 Bxe1 37. b4 f5 38. Kf1 Bg3 39. Ke2 Kf7 40. Kd3
Ke6 41. Kc4 Bd6 42. Bb2 h5 43. Bc3 Be7 44. Bd4 Bd6 45. Bc5 Bg3 46. Bb6 Bd6 47.
Bd4 Be7 48. Bc5 Bg5 49. Bf2 Be7 50. Bg3 Bf8 51. b5 Be7 52. Bc7 Bf8 53. Bf4 Be7
54. Bc7 Bf8 55. Bg3 Be7 56. Bf4 Bf8 57. Bh2 Be7 58. Bc7 1/2-1/2

[Event "18th American Continental"]
[Site "Foz do Iguacu BRA"]
[Date "2025.05.30"]
[Round "10.12"]
[White "Diaz Rosas, Julio Cesar"]
[Black "Hardaway, Brewington"]
[Result "0-1"]
[WhiteTitle "FM"]
[BlackTitle "GM"]
[WhiteElo "2373"]
[BlackElo "2502"]
[WhiteFideId "5105099"]
[BlackFideId "30941849"]
[EventDate "2025.05.23"]

1. e4 e5 2. Nf3 Nc6 3. Bb5 a6 4. Ba4 Nf6 5. O-O d6 6. c4 Bg4 7. d3 Nd7 8. Be3
Be7 9. h3 Bxf3 10. Qxf3 O-O 11. Qg4 Nc5 12. Bc2 Ne6 13. Nc3 Ncd4 14. Rac1 g6 15.
Bb3 h5 16. Qd1 Bg5 17. Kh2 c6 18. Ne2 Nxe2 19. Qxe2 Kg7 20. Qd2 c5 21. g3 h4 22.
Kg2 Bxe3 23. fxe3 hxg3 24. Rf3 Qh4 25. Rxg3 f5 26. Rg1 f4 27. Rg4 Qh6 28. Kh2
Rf6 29. exf4 Nxf4 30. Qe3 Rh8 31. R4g3 Nh5 32. Rg5 Nf4 33. R5g3 Rhf8 34. Bd1 Ne6
35. Qe1 Kh7 36. Bg4 Nd4 37. Kh1 Rf4 38. Qd1 Rf2 39. R3g2 Qe3 40. Re1 Qf4 41.
Reg1 b5 42. b3 Qh6 43. Bd7 R2f3 44. Bg4 Rf2 45. Bd7 R8f3 46. Rxf2 Rxf2 47. Qg4
Nf3 48. Qg3 Rh2+ 49. Qxh2 Nxh2 50. Kxh2 Qd2+ 51. Rg2 Qxd3 52. Bc6 bxc4 53. bxc4
Qxc4 54. Bd5 Qd3 55. h4 c4 0-1